Estadísticas para Países que Limitan con España

Haz click aquí para tomar la prueba!

Estadísticas generales

  • Esta prueba ha sido tomada 2,423 veces
  • La puntuación promedio es 5 de 5

Estadísticas de respuestas

km País % Correcto
623Francia
100%
1,214Portugal
99%
64Andorra
94%
17Marruecos
87%
1Reino Unido (Gibraltar)
73%

Distribución de puntuación

Porcentaje por número respondido

Porcentaje de gente con cada puntuación

Historial de tus puntuaciones

No has tomado esta prueba